History Quiz

Random History or Year Quiz
Score 0/50 Timer 10:00
6 Plays Today
% Correct
Muhammad Ali
98%
Prince
96.9%
David Bowie
95.5%
Fidel Castro
90.5%
Carrie Fisher
88.8%
Gene Wilder
77.2%
George Michael
76.1%
Alan Rickman
74.2%
Debbie Reynolds
69.1%
Arnold Palmer
68.4%
Nancy Reagan
64%
John Glenn
62.5%
Alan Thicke
57.5%
Florence Henderson
52.3%
Zsa Zsa Gabor
51.7%
Antonin Scalia
50.6%
Janet Reno
50.3%
Garry Shandling
44.8%
Abe Vigoda
37.4%
Gordie Howe
37.2%
Harper Lee
36.5%
Patty Duke
32.3%
Doris Roberts
30.6%
Pat Summitt
30.2%
Rob Ford
27.7%
% Correct
Merle Haggard
25.1%
José Fernández
24%
Leonard Cohen
23.9%
Robert Vaughn
21.5%
Craig Sager
21%
Alexis Arquette
20%
Glenn Frey
20%
Anton Yelchin
19.9%
Shimon Peres
19.3%
Elie Wiesel
17.8%
Gwen Ifill
13.6%
Johan Cruyff
12%
Dan Haggerty
11.4%
Christina Grimmie
11%
Maurice White
10.4%
George Martin
7%
Phife Dawg
6.4%
Frank Sinatra Jr.
5.2%
Umberto Eco
4.1%
Bobby Vee
3.8%
Zaha Hadid
3%
Juan Gabriel
2.1%
Edward Albee
1.9%
Noel Neill
1.7%
Madeleine Lebeau
0.8%
Remove Ads.
Support Sporcle.
Get the best of Sporcle when you Go Orange. This ad-free experience offers more features, more stats, and more fun while also helping to support Sporcle. Thank you for becoming a member.

You're not logged in!

Compare scores with friends on all Sporcle quizzes.
OR
Log In

Show Comments

Extras

Top Quizzes Today


Score Distribution

Your Account Isn't Verified!

In order to create a playlist on Sporcle, you need to verify the email address you used during registration. Go to your Sporcle Settings to finish the process.

Report this User

Report this user for behavior that violates our Community Guidelines.

Details: